Statistics for Find Countries from Periodic Symbol - 2

Click here to take the quiz!

General Stats

  • This quiz has been taken 60 times
  • The average score is 27 of 36

Answer Stats

HintAnswer% Correct
FRANCIUM - Symbol is?Fr
100%
Country 1France
98%
IRIDIUM - Symbol is?Ir
98%
BERYLLIUM - Symbol is?Be
96%
GALLIUM - Symbol is?Ga
95%
TANTALUM - Symbol is?Ta
95%
CALCIUM - Symbol is?Ca
93%
HYDROGEN - Symbol is?H
93%
Country 2 Belgium
91%
Country 1Iran
87%
Country 2Iraq
85%
BOHRIUM - Symbol is?Bh
82%
Country 3Canada
82%
POTASSIUM - Symbol is?K
82%
Country 3Tanzania
82%
Country 3Hungary
78%
Country 2Honduras
76%
Country 3Ireland
76%
Country 1Belarus
73%
Country 1Kazakhstan
73%
Country 2Kenya
71%
Country 1Bhutan
69%
Country 1Haiti
69%
Country 1Cambodia
67%
Country 2Gambia
67%
Country 3Kiribati
67%
Country 3Belize
65%
Country 5Kuwait
64%
Country 4Benin
62%
Country 6Kyrgyzstan
62%
Country 2Tajikistan
55%
Country 2Cameroon
53%
Country 1Gabon
51%
Country 4Kosovo
51%
Country 1 Taiwan
47%
Country 4Cape Verde
42%

Score Distribution

Percentile by Number Answered

Percent of People with Each Score

Your Score History

You have not taken this quiz